000
00283nam a2200109 a 4500
005
20200930070821.0
008
110926s2008 000 spa d
020
_a
9972209245
245
4
_a
Las mejores recetas de la cocina saludable.
260
_a
Barcelona,
_c
2008.
999
_c
33639
_d
33639
040
_a
DO-SdBNP